Los Angeles Clippers All-NBA Players - Statistics

General Stats
  • This quiz has been taken 317 times
    136 since last reset
  • The average score is 8 of 11
Answer Stats
Player % Correct
Kawhi Leonard
98%
Chris Paul
96%
Blake Griffin
95%
Paul George
91%
DeAndre Jordan
89%
James Harden
89%
Bob McAdoo
83%
Elton Brand
53%
Randy Smith
34%
World B. Free
17%
Dominique Wilkins
5%
No matching quizzes found
Score Distribution
Percent of People with Each Score
Percentile by Number Answered
Your Score History
You have not taken this quiz since the last reset